| Tag |
First Indicator |
Second Indicator |
Subfields |
| LEADER |
00000cam a2200000Ia 4500 |
| 001 |
in00002767721 |
| 005 |
20150922114116.0 |
| 008 |
111110r20122009nyua 6 000 1 eng d |
| 020 |
|
|
|a 9780765329370 (pbk.)
|
| 020 |
|
|
|a 0765329379 (pbk.)
|
| 035 |
|
|
|a (OCoLC)ocn760975014
|
| 040 |
|
|
|a BTCTA
|c BTCTA
|d YDX
|d BDX
|d VHB
|d IEP
|d BWX
|d UtOrBLW
|
| 049 |
|
|
|a TXAM
|
| 090 |
|
|
|a PN6727.C44
|b J74 2012
|
| 100 |
1 |
|
|a Chao, Fred.
|
| 245 |
1 |
0 |
|a Johnny Hiro :
|b {half Asian, all hero} /
|c Fred Chao ; greytones by Dylan Babb ; letters by Jesse Post.
|
| 250 |
|
|
|a 1st Tor ed.
|
| 264 |
|
1 |
|a New York :
|b Tom Doherty Associates,
|c 2012
|
| 264 |
|
4 |
|c ©2009
|
| 300 |
|
|
|a 1 volume (unpaged) :
|b chiefly illustrations ;
|c 26 cm.
|
| 336 |
|
|
|a text
|b txt
|2 rdacontent
|
| 337 |
|
|
|a unmediated
|b n
|2 rdamedia
|
| 338 |
|
|
|a volume
|b nc
|2 rdacarrier
|
| 500 |
|
|
|a "A Tor Book"--verso title page.
|
| 500 |
|
|
|a Originally published as Johnny Hiro, issues 1-3 (2007, 2008), previously collected with new material as Johnny Hiro by AdHouse Books (2009). Excerpt published in Best American Comics 2010 from Houghton Mifflin Harcourt (2010).
|
| 520 |
|
|
|a Johnny Hiro, a hardworking busboy, lives in Brooklyn with his flighty but lovable girlfriend Mayumi. Every day, he struggles to make ends meet while fighting giant monsters, running over rooftops from crazed waiters, fending off businessmen-turned-samurai, or having the occasional conversation with Judge Judy, Coolio or Alton Brown.
|
| 650 |
|
0 |
|a Busboys
|v Comic books, strips, etc.
|
| 650 |
|
0 |
|a Chinese restaurants
|v Comic books, strips, etc.
|
| 651 |
|
0 |
|a New York (N.Y.)
|v Comic books, strips, etc.
|
| 655 |
|
0 |
|a Science fiction comic books, strips, etc.
|
| 655 |
|
7 |
|a Comics (Graphic works)
|z United States.
|2 lcgft
|
| 655 |
|
7 |
|a Graphic novels.
|2 lcgft
|
| 700 |
1 |
|
|a Babb, Dylan.
|
| 700 |
1 |
|
|a Post, Jesse.
|
| 945 |
|
|
|a PromptCat
|b 6548
|
| 946 |
|
|
|a stk
|
| 947 |
|
|
|a A14835990821
|
| 948 |
|
|
|a cataloged
|b h
|c 2012/9/17
|d c
|e dmitchel
|f 1:44:28 pm
|
| 994 |
|
|
|a 92
|b TXA
|
| 999 |
|
|
|a MARS
|
| 999 |
f |
f |
|s 0129afd2-6123-345d-a6d2-4a61e2b5ee7f
|i 15c9e359-8c1c-3881-89e1-ea1cbd2de481
|t 0
|
| 952 |
f |
f |
|p normal
|a Texas A&M University
|b College Station
|c Sterling C. Evans Library
|d Evans: Library Stacks
|t 0
|e PN6727.C44 J74 2012
|h Library of Congress classification
|i unmediated -- volume
|m A14835990821
|
| 998 |
f |
f |
|a PN6727.C44 J74 2012
|t 0
|l Evans: Library Stacks
|